Statistics for Top 10 Most Unique Countries

Click here to take the quiz!

General Stats

  • This quiz has been taken 23 times
  • The average score is 5 of 10

Answer Stats

Most Similar CountryCountry% Correct
South KoreaNorth Korea
95%
NepalBhutan
91%
TaiwanJapan
68%
MalaysiaSingapore
64%
IndiaBangladesh
59%
KazakhstanMongolia
50%
ChinaTaiwan
50%
PhilippinesEast Timor
32%
TunisiaIsrael
23%
BrazilCape Verde
9%

Score Distribution

Percentile by Number Answered

Percent of People with Each Score

Your Score History

You have not taken this quiz